उभा जन्म वैराण. (Record no. 279663)

MARC details
000 -LEADER
fixed length control field 00609nam a2200181Ia 4500
008 - FIXED-LENGTH DATA ELEMENTS--GENERAL INFORMATION
fixed length control field 090630s9999 xx 000 0 und d
082 ## - DEWEY DECIMAL CLASSIFICATION NUMBER
Item number 27807
100 ## - MAIN ENTRY--PERSONAL NAME
Personal name नरवणे सुधा.
245 ## - TITLE STATEMENT
Title उभा जन्म वैराण.
Statement of responsibility, etc नरवणे सुधा.
260 ## - PUBLICATION, DISTRIBUTION, ETC. (IMPRINT)
Name of publisher, distributor, etc निशिगंधा - पुणे.
Date of publication, distribution, etc 2007
300 ## - PHYSICAL DESCRIPTION
Extent 192
600 ## - SUBJECT ADDED ENTRY--PERSONAL NAME
Personal name नरवणे सुधा.
630 ## - SUBJECT ADDED ENTRY--UNIFORM TITLE
Uniform title उभा जन्म वैराण.
655 ## - INDEX TERM--GENRE/FORM
Genre/form data or focus term लघुकथा.
700 ## - ADDED ENTRY--PERSONAL NAME
Personal name नरवणे सुधा.
730 ## - ADDED ENTRY--UNIFORM TITLE
Uniform title उभा जन्म वैराण.
942 ## - ADDED ENTRY ELEMENTS (KOHA)
Koha item type Book
Holdings
Withdrawn status Lost status Damaged status Not for loan Home library Current library Date acquired Cost, normal purchase price Total Checkouts Full call number Barcode Date last seen Cost, replacement price Price effective from Koha item type
        Sarvajanik Wachanalaya Shrivardhan Sarvajanik Wachanalaya Shrivardhan   185.00   27807 SAWASHRI-27807 06/30/2009 185.00 06/30/2009 Book